MDQL
is popping MORE tags! Check the
thread
!
Quizzes
Events
Quiz Creation
Community
Videos
Private Events
Remove Ads
Sign In
Join for FREE
Feedback
Dark Mode
Quiz Categories
Sports
Geography
Music
Movies
Television
Just For Fun
Miscellaneous
History
Literature
Language
Science
Gaming
Entertainment
Religion
Holiday
For Kids
Quiz Lab
Recent
Popular Today
Quiz Kudos Today
Editor Picks
Curator Picks
Quizzes by...
Day
Popularity
Type
Ratings
Length
Year
Community
Subscriptions
Recent Discussions
Orange Saloon
Badges
Playlists
Quests
Create
Leaderboards
Showdown
Live 5
Trivia Bingo
Activity
Puzzle Library
Sporcle Events
Private Events
Virtual Trivia
Globe League
Become a Host
Pub Owners
SporcleCon
Opinionation
Our Games
Videos
Blog
Mobile Apps
Partnerships
Remove Ads and Go Orange
Feedback
Sports
Athletes
MLB
NBA
NHL
NFL
Soccer
Sports Teams
WWE
NCAA
Football
Premier League
Basketball
Baseball
Hockey
Golf
Tennis
Cricket
Rugby
Auto Racing
Olympics
World Cup
Sports
Athletes
MLB
NBA
NHL
NFL
Soccer
Sports Teams
WWE
NCAA
Football
Premier League
Basketball
Baseball
Hockey
Golf
Tennis
Cricket
Rugby
Auto Racing
Olympics
World Cup
Random Quiz
Search Sporcle
×
Quiz Lab
Quiz Lab
Sports
Baseball
Type in answers that appear in a list
Type in answers that appear in a list
Classic
Best Score? Go Orange.
Pirates Single Season Batting Top 10s Stats
Can you name the players with the best offensive seasons in Pittsburgh Pirates franchise history?
By
Wes_Mantooth
11m
199 Questions
2,683 Plays
2,683 Plays
2,683 Plays
Comments
Comments
Give Quiz Kudos
Give Quiz Kudos
-
- Ratings
hide this ad
More Info
Replay
Link that replays current quiz
Next Quiz
Link to next quiz in quiz playlist
You Got
0%
They Got
Avg Score
69%
Avg Friend Score
Upgrade to see
Score Distribution
Jump to the score distribution portion of the page
Score
0/199
Timer
11:00
0
Plays Today
Statistic
Player
% Correct
2B
Bay (2005), Bonilla (1991)...
98.9%
oWAR
Clemente (1967) & Wagner (2x)
98.7%
OPS+
Stargell (1971) & Kiner (1951)
98.5%
IBB
Bonilla (1989) & Stargell (1971)
98.5%
3B
L. Waner (1929), Maranville (1924)...
98.1%
WPA
Willie Stargell
97.9%
WPA
Willie Stargell
97.9%
SLG
Willie Stargell
97.9%
SLG
Willie Stargell
97.9%
OPS+
Willie Stargell
97.9%
HR
Willie Stargell
97.9%
HR
Willie Stargell
97.9%
RBI
Willie Stargell
97.9%
IBB
Willie Stargell
97.9%
IBB
Willie Stargell
97.9%
IBB
Willie Stargell
97.9%
WAR
Honus Wagner
97.6%
WAR
Honus Wagner
97.6%
WAR
Honus Wagner
97.6%
WAR
Honus Wagner
97.6%
WAR
Honus Wagner
97.6%
oWAR
Honus Wagner
97.6%
oWAR
Honus Wagner
97.6%
oWAR
Honus Wagner
97.6%
oWAR
Honus Wagner
97.6%
AVG
Honus Wagner
97.6%
AVG
Honus Wagner
97.6%
OPS+
Honus Wagner
97.6%
OPS+
Honus Wagner
97.6%
OPS+
Honus Wagner
97.6%
3B
Honus Wagner
97.6%
RBI
Honus Wagner
97.6%
SB
Honus Wagner
97.6%
2B
Hous Wagner
97.1%
WPA
Roberto Clemente
96.8%
WAR
Roberto Clemente
96.8%
WPA
Roberto Clemente
96.8%
IBB
Roberto Clemente
96.8%
HR
Giles (2001) & Kiner (1952)
96.3%
WAR
Barry Bonds
95.6%
WAR
Barry Bonds
95.6%
oWAR
Barry Bonds
95.6%
WPA
Barry Bonds
95.6%
WPA
Barry Bonds
95.6%
WPA
Barry Bonds
95.6%
OBP
Barry Bonds
95.6%
SLG
Barry Bonds
95.6%
OPS+
Barry Bonds
95.6%
BB
Barry Bonds
95.6%
IBB
Barry Bonds
95.6%
IBB
Barry Bonds
95.6%
IBB
Barry Bonds
95.6%
oWAR
Ralph Kiner
95.2%
oWAR
Ralph Kiner
95.2%
OBP
Ralph Kiner
95.2%
SLG
Ralph Kiner
95.2%
SLG
Ralph Kiner
95.2%
SLG
Ralph Kiner
95.2%
OPS+
Ralph Kiner
95.2%
HR
Ralph Kiner
95.2%
HR
Ralph Kiner
95.2%
HR
Ralph Kiner
95.2%
HR
Ralph Kiner
95.2%
HR
Ralph Kiner
95.2%
RBI
Ralph Kiner
95.2%
RBI
Ralph Kiner
95.2%
RBI
Ralph Kiner
95.2%
Statistic
Player
% Correct
BB
Ralph Kiner
95.2%
BB
Ralph Kiner
95.2%
BB
Ralph Kiner
95.2%
BB
Ralph Kiner
95.2%
AVG
Paul Waner
91.8%
AVG
Paul Waner
91.8%
AVG
Paul Waner
91.8%
AVG
Paul Waner
91.8%
AVG
Paul Waner
91.8%
OBP
Paul Waner
91.8%
OBP
Paul Waner
91.8%
H
Paul Waner
91.8%
H
Paul Waner
91.8%
H
Paul Waner
91.8%
H
Paul Waner
91.8%
2B
Paul Waner
91.8%
2B
Paul Waner
91.8%
2B
Paul Waner
91.8%
3B
Paul Waner
91.8%
RBI
Paul Waner
91.8%
R
Paul Waner
91.8%
R
Paul Waner
91.8%
PA
Lloyd Waner
91.7%
PA
Lloyd Waner
91.7%
H
Lloyd Waner
91.7%
H
Lloyd Waner
91.7%
H
Lloyd Waner
91.7%
R
Lloyd Waner
91.7%
R
Lloyd Waner
91.7%
AB/
SO
Lloyd Waner
91.7%
AB/
SO
Lloyd Waner
91.7%
AB/
SO
Lloyd Waner
91.7%
WPA
Brian Giles
87.1%
WPA
Brian Giles
87.1%
OBP
Brian Giles
87.1%
SLG
Brian Giles
87.1%
SLG
Brian Giles
87.1%
HR
Brian Giles
87.1%
HR
Brian Giles
87.1%
RBI
Brian Giles
87.1%
BB
Brian Giles
87.1%
BB
Brian Giles
87.1%
IBB
Brian Giles
87.1%
WPA
Dave Parker
84.8%
2B
Dave Parker
84.8%
IBB
Dave Parker
84.8%
SB%
Jason Bay
80%
HBP
Kendall (2004), Padden (1898)...
67.7%
PA
Omar Moreno
66.9%
PA
Omar Moreno
66.9%
SB
Omar Moreno
66.9%
SB
Omar Moreno
66.9%
SB
Omar Moreno
66.9%
SB
Omar Moreno
66.9%
WAR
Arky Vaughan
65.6%
WAR
Arky Vaughan
65.6%
oWAR
Arky Vaughan
65.6%
AVG
Arky Vaughan
65.6%
OBP
Arky Vaughan
65.6%
OBP
Arky Vaughan
65.6%
SLG
Arky Vaughan
65.6%
OPS+
Arky Vaughan
65.6%
BB
Arky Vaughan
65.6%
2B
Andy Van Slyke
64.7%
HBP
Jason Kendall
63.7%
HBP
Jason Kendall
63.7%
HBP
Jason Kendall
63.7%
Statistic
Player
% Correct
HBP
Jason Kendall
63.7%
AVG
Pie Traynor
63.4%
RBI
Pie Traynor
63.4%
AB/
SO
Pie Traynor
63.4%
AB/
SO
Pie Traynor
63.4%
SB
Womack (1998), Taveras (1976)...
61.4%
2B
Freddy Sánchez
53.7%
PA
Rabbit Maranville
53.2%
3B
Chief Wilson
52%
HBP
Craig Wilson
52%
HBP
Craig Wilson
52%
PA
Matty Alou
48.1%
H
Matty Alou
48.1%
PA
Max Carey
46.5%
R
Max Carey
46.5%
SB
Max Carey
46.5%
SB
Max Carey
46.5%
SB
Frank Taveras
46.2%
SB
Tony Womack
43.1%
PA
Dick Groat
40%
SLG
Kiki Cuyler
38%
H
Kiki Cuyler
38%
3B
Kiki Cuyler
38%
R
Kiki Cuyler
38%
PA
Rennie Stennett
33.8%
HBP
Starling Marté
33.1%
OBP
Mike Smith
32.1%
3B
Mike Smith
32.1%
2B
Nate McLouth
28.4%
SB%
Nate McLouth
28.4%
SB%
Jeff King
27.6%
RBI
Jake Beckley
26.3%
HBP
Jake Beckley
26.3%
HBP
Jake Beckley
26.3%
3B
Harry Davis
24.1%
H
Jimmy Williams
24.1%
3B
Jimmy Williams
24.1%
SB%
José Lind
17.4%
RBI
Wright (1925) & Stenzel (1894)
17.3%
SB%
Adrian Brown
16.6%
AVG
Jake Stenzel
14.7%
R
Jake Stenzel
14.7%
R
Ginger Beaumont
13.8%
3B
Tommy Leach
13.4%
BB
Elbie Fletcher
12.7%
BB
Elbie Fletcher
12.7%
SB%
Chris Duffy
11.8%
SB%
R.J. Reynolds
9.5%
OBP
George Grantham
8.9%
SB%
Matt Alexander
8.3%
SB%
Miguel Diloné
6.2%
SB%
Vic Davalillo
5.6%
2B
Adam Comorosky
4.8%
3B
Adam Comorosky
4.8%
R
Patsy Donovan
4.8%
AB/
SO
Patsy Donovan
4.8%
R
George Van Haltren
4.4%
OPS+
Ed Swartwood
4.3%
OPS+
Ed Swartwood
4.3%
PA
Woody Jensen
3.8%
AB/
SO
Debs Garms
3.3%
AB/
SO
Jack Glasscock
3.2%
AB/
SO
Claude Ritchey
2.7%
AB/
SO
Lou Bierbauer
2.2%
OBP
Fred Carroll
2.1%
Quiz Playlist
Details
Report
Send in Message
Add To Playlist
More Info:
Rate stats require the player to have qualified for the batting title under that season's rules. Stolen bases before 1898 are not counted.
Classic:
Type in answers that appear in a list
Quiz Source
Last Updated: Feb 16, 2017
Quiz Scoreboard
CHALLENGE
Sign Up to Join the Scoreboard
Show All
Scores
Hide
Comments
May contain spoilers
Recently Published
Colored Red Africa Blitz
by spor1
Geography
30s
Find the 'City' Movie
by crazypaving
Movies
60s
5x2 Blitz: Bands
by SL_Kpop136
Music
30s
More to Explore
Quiz From the Vault
Featured Blog Post
14 Easter Pick-up Lines to Find Eggs With
hide this ad
You Might Also Like...
Tags
Baseball Quiz
MLB Quiz
Franchise History
Franchise Leaders
Franchise Records
Individual Seasons
Pittsburgh Pirates
Single Season
Top 10
Today's Top Quizzes in Sports
Browse Sports
hide this ad
Today's Top Quizzes in Baseball
Browse Baseball
Top Contributed Quizzes in Sports
1
Players with Multiple 50 Home Run Seasons
2
Les entraîneurs de l'OM et du PSG au 21e siècle
3
Criteria MLB: Left Handed Sluggers
4
2022 World Cup Stars
5
Les meilleurs buteurs des matchs entre le PSG et l’OM
6
Who Hit More Homers?
7
Les joueurs passés par le PSG et l'OM
8
NBA Logic Puzzle 2.0
9
Top 10 NHL Goal Scorers of All Time
10
MLB Players with Two .350 Batting Average Seasons
Explore More
Trending Topics
Anime
Marvel
Crossword
Harry Potter
Disney
NBA
Kpop
Song
Pokémon
WWE
The Office
Puzzle
NFL
Country
Soccer
hide this ad
More By:
Wes_Mantooth
Quiz
Plays
Rating
Category
Featured
Created
Yankees Single Season Batting Top 10s
5,302
4.44
Sports
Feb 25, 2015
Blue Jays Single Season Batting Top 10s
5,039
4.95
Sports
Feb 26, 2015
Red Sox Single Season Batting Top 10s
4,500
4.60
Sports
Feb 25, 2015
Cardinals Single Season Batting Top 10s
4,012
4.80
Sports
Apr 25, 2015
Mets Single Season Batting Top 10s
3,551
4.57
Sports
Apr 17, 2015
Go to Creator's Profile
Score Distribution
Quiz Creator Spotlight
Wes_Mantooth
Follow
Send a Message
Quizzes Created
-
Created Quiz Play Count
-
More By This Creator
Popular Quizzes Today
1
Find the 'City' Movie
2
Colored Red Africa Blitz
3
Find the US States - No Outlines Minefield
4
5x2 Blitz: Bands
5
The Countries of the World
6
Find the US States
7
US States
8
9x9 Crossword: Cartoon Network
More Sports Quizzes
NFL - Top 5 Career Rushing Yards Per Draft
Editor's Pick
Trending Quizzes
Colored Red Europe Blitz I
Colored Red Africa Blitz II
Colored Red Europe Blitz II
Colored Red Africa Blitz III
Colored Red Europe Blitz III
Recently Updated
2024 March Madness Bracket
pecheneg
Famous TV Couples
Peacemaker
Champions League XIs: Real Madrid
pecheneg
Largest US Cities 1790-2010
pecheneg
Rides in Walt Disney World
pecheneg
Most Oscar Losses (Acting)
pecheneg
Beyoncé Albums
pecheneg
Leaping Animals
pecheneg
Reality TV Shows (A-Z)
bhenderson79
Rickey Henderson's Hall of Fame Teammates
pecheneg
Trending Topics
Harry Potter
Kpop
NBA
Marvel
Crossword
Anime
Disney
WWE
Pokémon
NFL
Puzzle
The Office
Country
Song
Soccer
Your Account Isn't Verified!
In order to create a playlist on Sporcle, you need to verify the email address you used during registration. Go to your
Sporcle Settings
to finish the process.
Report this User
Report this user for behavior that violates our
Community Guidelines
.
Details:
Send Report
Go to the Sporcle.com Mobile Site →
Comments